[Event "BRA-ch U18 Girls"]
[Site "Itajai"]
[Date "2016.06.10"]
[Round "2"]
[White "Nunes, Agatha Hurba"]
[Black "Da Silva, Gabrielle Goncalves"]
[Result "1-0"]
[WhiteElo "1825"]
[BlackElo "1800"]
[PlyCount "125"]
[EventDate "2016.06.09"]
[EventType "swiss"]
[EventRounds "6"]
[EventCountry "BRA"]
[SourceTitle "CBM 172 Extra"]
[Source "ChessBase"]
[SourceDate "2016.06.21"]
[SourceVersion "1"]
[SourceVersionDate "2016.06.21"]
[SourceQuality "1"]

1. d4 d5 2. c4 c6 3. cxd5 cxd5 4. Nc3 Nf6 5. Nf3 g6 6. Bf4 Bf5 7. e3 Bg7 8. Bd3 Bxd3 9. Qxd3 Nc6 10. 0-0 0-0 11. a3 e6 12. b4 a6 13. Rfb1 Nd7 14. b5 axb5 15. Nxb5 e5 16. dxe5 Ndxe5 17. Bxe5 Bxe5 18. Nxe5 Nxe5 19. Qd4 Nc6 20. Qd2 Qd7 21. Nc3 Rfd8 22. Rd1 d4 23. Nb5 Ra4 24. Qc2 Raa8 25. Nxd4 Nxd4 26. Rxd4 Qe7 27. Rxd8+ Qxd8 28. Qb3 Qd7 29. h3 Qc7 30. Rb1 Ra7 31. Rd1 Qe7 32. Rd3 Ra6 33. Qb4 Qxb4 34. axb4 Rb6 35. Rd4 Kg7 36. Kf1 Kf6 37. Ke2 Ke5 38. Kd3 Rc6 39. f4+ Kf5 40. g4+ Kf6 41. Rc4 Rd6+ 42. Ke4 Ke6 43. Rc5 b6 44. Re5+ Kf6 45. g5+ Kg7 46. Rd5 Re6+ 47. Kd4 h6 48. h4 hxg5 49. hxg5 Kf8 50. Re5 Rd6+ 51. Kc4 Kg7 52. e4 Kf8 53. Kb5 f6 54. Rd5 Re6 55. f5 fxg5 56. fxe6 Ke7 57. Rxg5 Kxe6 58. Rxg6+ Ke5 59. Kxb6 Kxe4 60. Kc5 Ke5 61. b5 Kf5 62. Rd6 Ke5 63. b6 1-0